000 01299nam a2200229 a 4500
001 000048270
003 OSt
005 20250708144319.0
008 181211s2013 dr ac 001 i spa d
020 _a9789945471458
040 _aDO-SdBNP
_bspa
_cBNPHU
082 _axxxx
_bB844c
100 1 _aBretón Martínez, Freddy Antonio de Jesús,
_d1947-
_eautor
_911012
245 1 0 _aCuerdos y recuerdos :
_bmemorias /
_cFreddy Antonio de Jesús Bretón Martínez, Mons.
260 _aSanto Domingo :
_bAmigo del Hogar,
_c2013.
300 _a436 p. :
_bil., retrs. ;
_c24 cm.
500 _aIncluye datos biográficos del autor en la solapa de la cubierta
505 0 _aLiminar --
_tInfancia y adolescencia --
_tSeminarista --
_tAlgunas experiencias pastorales --
_tPresbitero --
_tEquipo formador seminario Santo Tomás de Aquino --
_tRoma --
_tDe Roma a Cienfuegos --
_tDe nuevo en el seminario Santo Tomás de Aquino --
_tSe cumplen los pronósticos --
_tRecuerdos del lenguaje --
_tEl trato con los otros obispos --
_tLa divina providencia --
_tEl Papa --
_tSobre mis escritos. Algunos tropezones --
_tObispo en la llamada era digital --
_tExperiencia sacerdotal --
_tAlgunos recuerdos de familia --
_tMi muerte --
_tAnexos.
590 _aInventariado, 2019/LP
910 _aInventariado, 2020 / LP
942 _2ddc
_cLBS1
999 _c47758
_d47758